000 00521nam a2200193Ia 4500
005 20250923145114.0
008 008 250917s9999 xx 000 0 eng d
037 _aTextual
040 _aDSWL
_beng
_cDSWL
041 _aeng
_2eng
084 _aYu
_qDSWL
245 4 _aThe Police : Six Sociological essays
_cEd.by David J. Bordua
260 _aNew York
_b John Wiley & Sons
_c1967
300 _axxii,274 p.
365 _aUSD
_b7.5
925 _g7.5
942 _cTEXL
_hYu
999 _c1447168
_d1447168